[Event "ESP-ch U14"]
[Site "Salobrena"]
[Date "2022.07.21"]
[Round "6"]
[White "Martin Cabeza, Nicolas"]
[Black "Vila I Bague, Arnau"]
[Result "1/2-1/2"]
[WhiteElo "1702"]
[BlackElo "1892"]
[PlyCount "143"]
[EventDate "2022.07.18"]
[EventType "swiss"]
[EventRounds "9"]
[EventCountry "ESP"]
[SourceTitle "EXT 2023"]
[Source "ChessBase"]
[SourceDate "2022.10.05"]
[SourceVersion "1"]
[SourceVersionDate "2022.10.05"]
[SourceQuality "1"]

1. e4 e5 2. Nf3 Nc6 3. Bc4 Bc5 4. 0-0 Nf6 5. d4 Bxd4 6. Nxd4 Nxd4 7. f4 d6 8. fxe5 dxe5 9. Bg5 Qe7 10. Na3 Be6 11. c3 Nc6 12. Kh1 Bxc4 13. Nxc4 Qc5 14. Bxf6 Qxc4 15. Bxg7 Rg8 16. Bf6 Ne7 17. Bxe7 Kxe7 18. Qh5 Rae8 19. Qxe5+ Kf8 20. Qf6 Rg7 21. Rfe1 Qe6 22. Qd4 Qg4 23. Qd2 Rg6 24. Qe2 h5 25. Rad1 Rge6 26. Qxg4 hxg4 27. Rd4 f5 28. Rf1 Rxe4 29. Rxf5+ Kg7 30. Rxe4 Rxe4 31. h3 gxh3 32. gxh3 Re1+ 33. Kg2 Re2+ 34. Rf2 Re3 35. Rd2 Kg6 36. c4 c6 37. b3 Kg5 38. Rd7 Re2+ 39. Kf3 Rxa2 40. Rxb7 Kf5 41. Ke3 Ke5 42. Kd3 Rh2 43. Rh7 c5 44. Rh5+ Kd6 45. Kc3 a5 46. Rh8 Ra2 47. h4 a4 48. bxa4 Rxa4 49. h5 Ra3+ 50. Kb2 Rh3 51. h6 Kc7 52. Kc2 Kb7 53. Kd2 Kc7 54. Ke2 Kb7 55. Kf2 Rh2+ 56. Kg3 Rh1 57. Kf4 Rf1+ 58. Kg5 Rg1+ 59. Kf6 Rf1+ 60. Kg7 Rg1+ 61. Kh7 Rg4 62. Rg8 Rxc4 63. Rg6 Rd4 64. Kh8 c4 65. h7 c3 66. Rg3 c2 67. Rc3 Rd8+ 68. Kg7 Rd7+ 69. Kg6 Rd6+ 70. Kf5 Rh6 71. Rxc2 Rxh7 72. Ke4 1/2-1/2

[Event "ESP-ch U14"]
[Site "Salobrena"]
[Date "2022.07.18"]
[Round "2"]
[White "Torres Rebolledo, Marcos"]
[Black "Vila I Bague, Arnau"]
[Result "1/2-1/2"]
[WhiteElo "1649"]
[BlackElo "1892"]
[PlyCount "65"]
[EventDate "2022.07.18"]
[EventType "swiss"]
[EventRounds "9"]
[EventCountry "ESP"]
[SourceTitle "EXT 2023"]
[Source "ChessBase"]
[SourceDate "2022.10.05"]
[SourceVersion "1"]
[SourceVersionDate "2022.10.05"]
[SourceQuality "1"]

1. d4 d5 2. c4 e6 3. Nc3 Nf6 4. cxd5 exd5 5. Bg5 Nbd7 6. e3 h6 7. Bh4 Be7 8. Bd3 0-0 9. Qc2 c6 10. Nge2 Re8 11. 0-0 Ne4 12. Bxe7 Qxe7 13. Bxe4 dxe4 14. Ng3 Nf6 15. Rab1 b6 16. b4 Ba6 17. b5 cxb5 18. Nxb5 Rac8 19. Qa4 Bxb5 20. Qxb5 Red8 21. Qb2 Nd5 22. Rfc1 a6 23. h3 b5 24. Qb3 Nb6 25. Rc2 Nc4 26. Rbc1 Rb8 27. a4 Rf8 28. axb5 axb5 29. Ra1 f5 30. Nxf5 Rxf5 31. Rxc4 Qf7 32. Rb4 Rxf2 33. Qxf7+ 1/2-1/2

[Event "Catalan-ch U10/20"]
[Site "Tarragona"]
[Date "2022.04.11"]
[Round "5"]
[White "Vila I Bague, Arnau"]
[Black "Fernandez Climent, Albert"]
[Result "1/2-1/2"]
[WhiteElo "1753"]
[BlackElo "1956"]
[PlyCount "95"]
[EventDate "2022.04.09"]
[EventType "swiss"]
[EventRounds "9"]
[EventCountry "ESP"]
[SourceTitle "EXT 2023"]
[Source "ChessBase"]
[SourceDate "2022.10.05"]
[SourceVersion "1"]
[SourceVersionDate "2022.10.05"]
[SourceQuality "1"]

1. e4 e6 2. d4 d5 3. Bd3 dxe4 4. Bxe4 Nf6 5. Bf3 Nbd7 6. Ne2 Bd6 7. 0-0 e5 8. Nbc3 0-0 9. Bg5 exd4 10. Nxd4 Ne5 11. Nd5 Be7 12. Nxe7+ Qxe7 13. Nb3 h6 14. Bf4 Nxf3+ 15. Qxf3 Re8 16. Bd2 c5 17. Rfe1 Be6 18. Qg3 Kh8 19. Qe5 b6 20. Bc3 Kg8 21. Qg3 Nh5 22. Qe5 Qg5 23. Qxg5 hxg5 24. Nd2 Bd5 25. g3 Nf6 26. f3 Be6 27. Ne4 Nxe4 28. fxe4 Re7 29. a3 Rae8 30. Re3 Bf5 31. Rae1 Rxe4 32. Rxe4 Rxe4 33. Rxe4 Bxe4 34. Be5 Bxc2 35. Bb8 b5 36. Bxa7 c4 37. Kf2 g4 38. Ke3 g5 39. Bd4 Kh7 40. Be5 Kg6 41. Bb8 Kf5 42. Bc7 Ke6 43. Ba5 f6 44. Bc3 Bb1 45. Bd4 Bg6 46. Bc3 Be8 47. Bd4 f5 48. Bc3 1/2-1/2

[Event "Figueres Region-ch"]
[Site "Figueres	"]
[Date "2021.11.06"]
[Round "6"]
[White "Vila I Bague, Arnau"]
[Black "Benet Saniger, Xavier"]
[Result "1-0"]
[WhiteElo "1578"]
[BlackElo "1723"]
[PlyCount "61"]
[EventDate "2021.09.25"]
[EventType "swiss"]
[EventRounds "9"]
[EventCountry "ESP"]
[SourceTitle "EXT 2023"]
[Source "ChessBase"]
[SourceDate "2022.10.05"]
[SourceVersion "1"]
[SourceVersionDate "2022.10.05"]
[SourceQuality "1"]

1. e4 c6 2. d4 d5 3. exd5 cxd5 4. Bd3 Nc6 5. c3 Nf6 6. Bf4 Bg4 7. Qb3 Qc8 8. Nd2 e6 9. Ngf3 Be7 10. 0-0 0-0 11. Ne5 Nh5 12. Be3 Nxe5 13. dxe5 Bf5 14. Be2 d4 15. cxd4 Bc2 16. Qc3 Qxc3 17. bxc3 g6 18. Rac1 Ba4 19. Bf3 Rab8 20. Ne4 Ng7 21. Bh6 Rfc8 22. Nd6 Bxd6 23. exd6 Bc6 24. Bg5 Nf5 25. d7 Bxd7 26. Bf4 b5 27. Bxb8 Rxb8 28. Rb1 Nd6 29. a4 a6 30. axb5 Bxb5 31. c4 1-0

[Event "Catalunya-ch U18/20"]
[Site "Salou"]
[Date "2021.03.28"]
[Round "2"]
[White "Domene Mulyukov, Alexander"]
[Black "Vila I Bague, Arnau"]
[Result "1-0"]
[WhiteElo "2023"]
[BlackElo "1584"]
[PlyCount "36"]
[EventDate "2021.03.27"]
[EventType "swiss"]
[EventRounds "9"]
[EventCountry "ESP"]
[SourceTitle "CBM 202 Extra"]
[Source "ChessBase"]
[SourceDate "2021.07.31"]
[SourceVersion "1"]
[SourceVersionDate "2021.07.31"]
[SourceQuality "1"]

1. e4 e5 2. Nf3 Nc6 3. d4 exd4 4. Nxd4 Nf6 5. Nxc6 bxc6 6. Bd3 Be7 7. 0-0 d5 8. e5 Nd7 9. f4 Nc5 10. f5 Nxd3 11. Qxd3 Bc5+ 12. Kh1 0-0 13. Qc3 Bb6 14. f6 Re8 15. Nd2 Bb7 16. Qg3 g6 17. Nf3 Qd7 18. Qh4 Bc8 1-0

[Event "Figueres Nadal op 9th"]
[Site "Figueres"]
[Date "2020.01.04"]
[Round "5"]
[White "Rex, Torsten Claus"]
[Black "Vila I Bague, Arnau"]
[Result "1-0"]
[WhiteElo "1969"]
[BlackElo "1622"]
[PlyCount "43"]
[EventDate "2020.01.02"]
[EventType "swiss"]
[EventRounds "8"]
[EventCountry "ESP"]
[SourceTitle "CBM 194 Extra"]
[Source "ChessBase"]
[SourceDate "2020.03.31"]
[SourceVersion "1"]
[SourceVersionDate "2020.03.31"]
[SourceQuality "1"]

1. Nf3 Nf6 2. b3 e6 3. g3 d5 4. d4 Bd6 5. Bb2 Nbd7 6. Bg2 b6 7. Nbd2 0-0 8. 0-0 Re8 9. Ne5 c5 10. e3 Ba6 11. Re1 Qc7 12. f4 Rac8 13. c4 dxc4 14. Ndxc4 Bxe5 15. dxe5 Nd5 16. Bxd5 exd5 17. Nd6 c4 18. Rc1 Nc5 19. Nxe8 Rxe8 20. b4 Nd3 21. Qxd3 Qxe5 22. Qa3 1-0

[Event "Torroella de Montgri U2200 2nd"]
[Site "Torroella de Montgri"]
[Date "2019.09.07"]
[Round "4.4"]
[White "Banos, Oscar Francisco"]
[Black "Vila I Bague, Arnau"]
[Result "1-0"]
[WhiteElo "2182"]
[BlackElo "1477"]
[PlyCount "55"]
[EventDate "2019.09.06"]
[EventType "swiss"]
[EventRounds "7"]
[EventCountry "ESP"]
[SourceTitle "EXT 2024"]
[Source "ChessBase"]
[SourceDate "2023.10.10"]
[SourceVersion "1"]
[SourceVersionDate "2023.10.10"]
[SourceQuality "1"]

1. c4 c5 2. Nf3 d6 3. d4 cxd4 4. Nxd4 g6 5. e4 Bg7 6. Nc3 Nf6 7. Be2 Nc6 8. Nc2 Bd7 9. 0-0 0-0 10. Be3 a6 11. f3 Rc8 12. Qd2 Ne5 13. Na3 Qc7 14. Rac1 Qd8 15. Rfd1 Ne8 16. Nd5 e6 17. Bb6 Qh4 18. g3 Qh6 19. Ne7+ Kh8 20. Nxc8 Bxc8 21. Bd4 Qh5 22. f4 Nf3+ 23. Bxf3 Qxf3 24. Bxg7+ Kxg7 25. c5 e5 26. cxd6 Bh3 27. fxe5 Qxe4 28. Re1 1-0

[Event "Santa Eugenia op 14th"]
[Site "Girona"]
[Date "2019.07.29"]
[Round "1"]
[White "Vila I Bague, Arnau"]
[Black "Farre I Benseny, Miquel"]
[Result "0-1"]
[WhiteElo "1459"]
[BlackElo "1783"]
[PlyCount "55"]
[EventDate "2019.07.29"]
[EventType "swiss"]
[EventRounds "9"]
[EventCountry "ESP"]
[SourceTitle "EXT 2020"]
[Source "ChessBase"]
[SourceDate "2019.10.17"]
[SourceVersion "1"]
[SourceVersionDate "2019.10.17"]
[SourceQuality "1"]

1. d4 Nf6 2. c4 e6 3. e3 d5 4. Nf3 c6 5. Bd3 dxc4 6. Bxc4 b5 7. Be2 a6 8. Qc2 Bb7 9. 0-0 Nbd7 10. e4 c5 11. e5 Nd5 12. dxc5 Bxc5 13. Bg5 Qc7 14. Bd1 Rc8 15. Qe2 h6 16. Bd2 g5 17. Bb3 g4 18. Nh4 Be7 19. Qxg4 Nxe5 20. Qg3 Bxh4 21. Qxh4 Nf3+ 22. gxf3 Rg8+ 23. Kh1 Nf4 24. Bd1 Qc4 25. Re1 Ne2 26. Qh3 Qh4 27. Qg2 Rxg2 28. Kxg2 0-1

[Event "Figueres Nadal op 7th"]
[Site "Figueres"]
[Date "2017.12.30"]
[Round "8"]
[White "Vila I Bague, Arnau"]
[Black "Vinolas Anglada, Laura"]
[Result "0-1"]
[WhiteElo "1225"]
[BlackElo "1415"]
[PlyCount "132"]
[EventDate "2017.12.27"]
[EventType "swiss"]
[EventRounds "8"]
[EventCountry "ESP"]
[SourceTitle "CBM 182 Extra"]
[Source "ChessBase"]
[SourceDate "2018.02.23"]
[SourceVersion "1"]
[SourceVersionDate "2018.02.23"]
[SourceQuality "1"]

1. e4 c5 2. Nf3 Nc6 3. d4 cxd4 4. Nxd4 g6 5. Bc4 Bg7 6. Be3 Nf6 7. 0-0 Nxe4 8. Nxc6 bxc6 9. Bd4 Nf6 10. Nc3 0-0 11. Re1 d5 12. Bd3 Re8 13. Qe2 Bd7 14. Bc5 e5 15. Ba6 e4 16. b3 Bg4 17. Qe3 Qa5 18. Bb7 Nd7 19. Bd4 Rab8 20. Bxc6 Rbc8 21. Bxd7 Bxd7 22. Bxg7 Kxg7 23. Qd4+ Kg8 24. Qxd5 Qxc3 25. Qxd7 Qxc2 26. Qxa7 Ra8 27. Qd7 Rad8 28. Qg4 Rd2 29. Rec1 Qd3 30. Rd1 e3 31. fxe3 Qxe3+ 32. Kh1 Qf2 33. Qf3 Rxa2 34. Qxf2 Rxf2 35. Rab1 Ree2 36. Rg1 Rb2 37. h3 Rxg2 38. Rxb2 Rxb2 39. Rg3 f5 40. Kg1 Kf7 41. Kf1 Ke6 42. Ke1 Ke5 43. Re3+ Kf4 44. Rd3 Ke4 45. Rc3 Kd4 46. Rc4+ Kd3 47. Rc7 Rxb3 48. Rxh7 Ke4 49. Kf2 Kf4 50. Rh4+ Kg5 51. Rh7 Kf6 52. Rh6 Kg5 53. Rh7 Rb4 54. Kf3 Rh4 55. Rxh4 Kxh4 56. Kg2 g5 57. Kh2 f4 58. Kg2 Kh5 59. Kf3 Kh4 60. Kg2 f3+ 61. Kh2 f2 62. Kg2 f1Q+ 63. Kxf1 Kxh3 64. Kf2 g4 65. Kg1 Kg3 66. Kf1 Kh2 0-1

[Event "Figueres Nadal op 7th"]
[Site "Figueres"]
[Date "2017.12.28"]
[Round "3"]
[White "Vila I Bague, Arnau"]
[Black "Roura Cortada, Pep"]
[Result "1-0"]
[WhiteElo "1225"]
[BlackElo "1552"]
[PlyCount "93"]
[EventDate "2017.12.27"]
[EventType "swiss"]
[EventRounds "8"]
[EventCountry "ESP"]
[SourceTitle "CBM 182 Extra"]
[Source "ChessBase"]
[SourceDate "2018.02.23"]
[SourceVersion "1"]
[SourceVersionDate "2018.02.23"]
[SourceQuality "1"]

1. e4 e5 2. Nf3 Nc6 3. d4 exd4 4. Bc4 Nf6 5. Bg5 h6 6. Bh4 Be7 7. e5 Ne4 8. Bxe7 Qxe7 9. 0-0 b6 10. Re1 Nc5 11. Nxd4 Nxd4 12. Qxd4 0-0 13. Nc3 Bb7 14. Bd5 c6 15. Bf3 d5 16. exd6 Qd7 17. Re7 Qf5 18. Be4 Nxe4 19. Qxe4 Qxe4 20. Nxe4 Rfe8 21. Rxb7 Rxe4 22. Rd1 Rd8 23. Rc7 c5 24. d7 Kh7 25. h3 Rd4 26. Rxd4 cxd4 27. Kf1 Kg6 28. Ke2 Kf5 29. Kd3 Ke5 30. Rxa7 Kd5 31. Ra4 Kc6 32. Rxd4 b5 33. c4 bxc4+ 34. Rxc4+ Kb5 35. Rd4 Kc5 36. Ke4 g6 37. Ke5 Kc6 38. Kf6 Kc5 39. Ke7 Kxd4 40. Kxd8 Kd5 41. Ke7 Kc6 42. d8Q Kb5 43. Qc7 Ka6 44. Qb8 Ka5 45. Kd6 Ka6 46. Kc5 Ka5 47. Qb5# 1-0

[Event "Figueres Nadal op 7th"]
[Site "Figueres"]
[Date "2017.12.27"]
[Round "1"]
[White "Vila I Bague, Arnau"]
[Black "Turon Crosa, Isaac"]
[Result "0-1"]
[WhiteElo "1225"]
[BlackElo "1679"]
[PlyCount "26"]
[EventDate "2017.12.27"]
[EventType "swiss"]
[EventRounds "8"]
[EventCountry "ESP"]
[SourceTitle "CBM 182 Extra"]
[Source "ChessBase"]
[SourceDate "2018.02.23"]
[SourceVersion "1"]
[SourceVersionDate "2018.02.23"]
[SourceQuality "1"]

1. e4 e5 2. Nf3 Nf6 3. d4 exd4 4. Bc4 Be7 5. Nxd4 Nc6 6. Nc3 Nxd4 7. Qxd4 d6 8. 0-0 0-0 9. Re1 h6 10. e5 dxe5 11. Qxe5 Bd6 12. Qd4 Bxh2+ 13. Kxh2 Qxd4 0-1

[Event "Costa Brava op 29th"]
[Site "Costa Brava"]
[Date "2016.11.26"]
[Round "8"]
[White "Ojeda Diaz, Izan"]
[Black "Vila I Bague, Arnau"]
[Result "1-0"]
[WhiteElo "1480"]
[BlackElo "1279"]
[PlyCount "29"]
[EventDate "2016.09.24"]
[EventType "swiss"]
[EventRounds "9"]
[EventCountry "ESP"]
[SourceTitle "EXT 2018"]
[Source "ChessBase"]
[SourceDate "2017.10.13"]
[SourceVersion "1"]
[SourceVersionDate "2017.10.13"]
[SourceQuality "1"]

1. e4 g6 2. d4 Bg7 3. Nf3 Nf6 4. Nc3 e6 5. Bc4 d5 6. Bd3 Nc6 7. Bg5 Qd7 8. 0-0 dxe4 9. Bxe4 Nxe4 10. Nxe4 Nxd4 11. Nf6+ Bxf6 12. Bxf6 Nxf3+ 13. Qxf3 0-0 14. Qf4 e5 15. Qh6 1-0

[Event "Sant Gregori Ajuntament op-A 1st"]
[Site "Sant Gregori"]
[Date "2016.07.04"]
[Round "1.14"]
[White "Vila I Bague, Arnau"]
[Black "Boubakha, Mohamed"]
[Result "0-1"]
[WhiteElo "1569"]
[BlackElo "1905"]
[PlyCount "42"]
[EventDate "2016.07.04"]
[EventType "tourn"]
[EventRounds "7"]
[EventCountry "ESP"]
[SourceTitle "EXT 2024"]
[Source "ChessBase"]
[SourceDate "2023.10.10"]
[SourceVersion "1"]
[SourceVersionDate "2023.10.10"]
[SourceQuality "1"]

1. e4 e5 2. Nf3 Nc6 3. Bc4 h6 4. 0-0 Nf6 5. Nc3 Bc5 6. d3 0-0 7. Be3 Bb6 8. d4 exd4 9. Bxd4 d6 10. h3 Be6 11. e5 dxe5 12. Bxe5 Bxc4 13. Qxd8 Nxd8 14. Bxf6 Bxf1 15. Bxg7 Kxg7 16. Rxf1 c6 17. Re1 Ne6 18. Re4 Kh7 19. Ne5 Rad8 20. Ng4 f5 21. Rxe6 fxg4 0-1